• 首页
  • 本馆介绍
  • 公告通知
  • 最新文献
  • 馆藏检索
  • 电子资源
  • 读者导购
  • 参考咨询
  • 我的图书馆
  • 登录
  • 详细信息显示
  • 放入我的书架
  • 预约/预借图书
  • 作者相关作品
  • 分类相关作品
  • 丛书相关作品
  • 出版社相关作品

书目信息

  • 表格格式
  • 工作单格式
  • 卡片格式
题名:
上帝的居所
    
 
作者: 刘明明 著
分册:  
出版信息: 长春   时代文艺出版社  2006
页数: 223页
开本: 23cm
丛书名: 建筑人文书系
单 册:
中图分类: K917
科图分类:
主题词: 教堂--简介--世界 , 教堂
电子资源:
ISBN: 7-5387-1975-X
000 01006oam2 2200277 450
001 010700017702
005 20061116092516.56
010    @a7-5387-1975-X@dCNY39.80
100    @a20060314d2006 em y0chiy0110 ea
101 0  @achi
102    @aCN@b220000
105    @aa z 000yy
200 1  @a上帝的居所@9shang di de ju suo@e六十座经典教堂@f刘明明著
210    @a长春@c时代文艺出版社@d2006
215    @a223页@c图@d23cm
225 2  @a建筑人文书系
330    @a60座经典教堂,刻画不同国度、不同种族的同一个表情:同样的肃穆与宁静,沉淀着千百年来史事国运的丰富内涵,揭开华丽背后不为人知的秘闻与传说。精神的父,等待你走入他暂临的堂,那一刻,你会看到神的光彩。
461  0 @12001 @a建筑人文书系@1701 0@a刘鸿@4主编
512 1  @a60座经典教堂@960 zuo jing dian jiao tang
517 1  @a六十座经典教堂@9liu shi zuo jing dian jiao tang
606 0  @a教堂@x简介@y世界
606 0  @a教堂
690    @aK917@v4
701  0 @a刘明明@9liu ming ming@4著
801  0 @aCN@bRENTIAN@c20061116
905    @a10447@dK917@e133
    
    上帝的居所:六十座经典教堂/刘明明著.-长春:时代文艺出版社,2006
    223页:图;23cm.-(建筑人文书系)
    
    
    ISBN 7-5387-1975-X:CNY39.80
    60座经典教堂,刻画不同国度、不同种族的同一个表情:同样的肃穆与宁静,沉淀着千百年来史事国运的丰富内涵,揭开华丽背后不为人知的秘闻与传说。精神的父,等待你走入他暂临的堂,那一刻,你会看到神的光彩。
●
相关链接 在E读中查询图书 在五车中查询图书 在当当中查询图书 在豆瓣中查询图书


正题名:上帝的居所     索取号:K917/133         预约/预借

序号 登录号 条形码 馆藏地/架位号 状态 备注
1 0391089   203910893   第二样本阅览室/ [索取号:K917/133] 在馆    
2 0391090   203910900   第二借阅区/ [索取号:K917/133] 在馆    
3 0391091   203910919   第二借阅区/ [索取号:K917/133] 在馆    
4 0391092   203910928   第二借阅区/ [索取号:K917/133] 在馆    
5 0391093   203910937   第二借阅区/ [索取号:K917/133] 在馆    
唐山师范学院图书馆 欢迎您!
大连网信软件有限公司© 版权所有